Driving performance at Latvia's public utilities commission
Saved in:
| Format: | Book |
|---|---|
| Language: | English |
| Published: |
Paris
OECD
2016
|
| Series: | <The> governance of regulators
|
| Subjects: | |
| Tags: |
No Tags, Be the first to tag this record!
|
MARC
| LEADER | 00000nam a2200000 4500 | ||
|---|---|---|---|
| 001 | 0227857 | ||
| 005 | 20240314122829.0 | ||
| 020 | |a 978-92-64-25797-9 | ||
| 041 | 0 | |a eng | |
| 044 | |a FR | ||
| 245 | 1 | 0 | |a Driving performance at Latvia's public utilities commission |
| 264 | 1 | |a Paris |b OECD |c 2016 | |
| 300 | |a 83 s. | ||
| 490 | 1 | |a <The> governance of regulators | |
| 830 | 0 | |a <The> governance of regulators | |
| 610 | 2 | 0 | |a regulácia hospodárska |
| 610 | 2 | 0 | |a transparentnosť |
| 610 | 2 | 0 | |a koordinácia |
| 610 | 2 | 0 | |a zákazky |
| 610 | 2 | 0 | |a ceny |
| 610 | 2 | 0 | |a Lotyšsko |